00344nam a2200145Ia 4500008004100000020001500041041001200056082001600068100002000084245002800104250000800132260003300140300001000173650001500183221030s9999 xx 000 0 und d a8125911685 aEnglish a105.23bMac aH. R. Machiraju 0aIndian Financial System a2nd bVikas Pub HouseaDelhic2002 a19.18 aManagement